| 000 | 00493nam a2200169Ia 4500 | ||
|---|---|---|---|
| 008 | 090201s9999 xx 000 0 und d | ||
| 010 | _aKPL-52806 | ||
| 040 | _bमराठी | ||
| 041 | _aमराठी | ||
| 082 |
_a14771 _b52806 |
||
| 100 | _aविजय तेंडूलकर | ||
| 245 |
_aरामप्रहर _cविजय तेंडूलकर |
||
| 260 |
_c2004 _bऋतू |
||
| 300 |
_a294 _bमोठा |
||
| 600 | _aरामप्रहर | ||
| 942 | _cBOOK | ||
| 999 |
_c214921 _d214921 |
||